00615nam a2200169Ia 4500008004000000020001800040082001300058100004300071245006500114260004300179300000700222650002700229690001300256906001000269999001700279952014900296210210b1994 xxu||||| |||| 00| 0 eng d a81 250 0077 1 a925 SCIA aSCIENTISTS WHO HAVE CHANGED THE WORLD. aAlexander Fleming: discovered penicillin. by beverley Birch. aHyderabad.bOrient Longman Ltd.,c1994 a64 aAlexander Flemingl  aBiograph a04887 c98007d98007 001040708HistoryaALbALcBiographyd2021-02-17eSita Book House, Mangalore.g40.00l0o925 SCIAp048872r2021-02-17 00:00:00w2021-02-17yBK